000 00503nam a2200193Ia 4500
005 20250507125755.0
008 008 250505s9999 xx 000 0 kor d
020 _a8809246770607 (V. 1 - 3.)
037 _aAudio
040 _aEASL
_beng
_cEASL
041 _akor
_2eng
084 _aCD00010
_qEASL
245 0 _aNutinamu = Korean culure documentary
365 _aW
_b55000 (For 3 Vols.)
490 _vV.3
650 _aKorean
942 _cAUD
_hCD00010
999 _c1312995
_d1312995